A Study of Skill Gap Analysis at CCI (Record no. 97225)

MARC details
000 -LEADER
fixed length control field 00393nam a2200145Ia 4500
008 - FIXED-LENGTH DATA ELEMENTS--GENERAL INFORMATION
fixed length control field 230128s9999 xx 000 0 und d
041 ## - LANGUAGE CODE
Language code of text/sound track or separate title eng
082 ## - DEWEY DECIMAL CLASSIFICATION NUMBER
Classification number NAW PR0476
Item number NAW
100 ## - MAIN ENTRY--PERSONAL NAME
Personal name Nawale Harshada - 2K101124
9 (RLIN) 118927
245 ## - TITLE STATEMENT
Title A Study of Skill Gap Analysis at CCI
260 ## - PUBLICATION, DISTRIBUTION, ETC. (IMPRINT)
Date of publication, distribution, etc. 2012
Name of publisher, distributor, etc. Pune University
Place of publication, distribution, etc. Nashik
300 ## - PHYSICAL DESCRIPTION
Extent 60p
502 ## - DISSERTATION NOTE
Name of granting institution Pantawane Nivedita

No items available.